[Event "Tourn. n8023"]
[Site "www.chess-mail.com"]
[Date "2015.01.27"]
[Round "1"]
[White "Difficult"]
[Black "Krasin"]
[WhiteElo "2010"]
[BlackElo "2230"]
[Result "0-1"]
[Round "1"]
1.d4 f5
2.Ng1f3 Ng8f6
3.b3 g6
4.Bc1b2 Bf8g7
5.c4 d6
6.d5 O-O
7.e3 c6
8.dxc6 Nb8xc6
9.Bf1e2 e5
10.O-O Qd8e7
11.Nb1c3 Kh8
12.a3 Bc8e6
13.Qd1c2 e4
14.Nf3d4 Nc6xd4
15.exd4 Ra8c8
16.Qc2d2 h6
17.d5 Be6g8
18.Nc3b5 a6
19.Nb5d4 Nf6g4
20.h3 Ng4e5
21.f4 Ne5d7
22.Bb2c3 Kh7
23.Qd2e3 Nd7c5
24.Ra1b1 b5
25.Nd4c6 Qe7c7
26.Bc3xg7 Qc7xg7
27.Rf1d1 g5
28.fxg5 hxg5
29.Qe3d4 Qg7xd4
30.Rd1xd4 bxc4
31.bxc4 Kg7
32.Rb1b6 Kf6
33.Rd4d1 Rc8c7
34.Rd1b1 g4
35.hxg4 f4
36.Rb6b8 Rf8xb8
37.Rb1xb8 Bg8f7
38.Rb8b1 Kg5
39.Kf2 e3
40.Kf3 Bf7g6
41.Rb1b8 Bg6e4
{ resign }
0-1

[Event "Tourn. n7917"]
[Site "www.chess-mail.com"]
[Date "2015.01.27"]
[Round "1"]
[White "Kermet"]
[Black "Jose"]
[WhiteElo "2520"]
[BlackElo "2730"]
[Result "0-1"]
[Round "1"]
1.c4 e5
2.g3 Ng8f6
3.Bf1g2 d5
4.cxd5 Nf6xd5
5.Nb1c3 Nd5b6
6.Ng1f3 Nb8c6
7.O-O Bf8e7
8.d4 exd4
9.Nc3b5 O-O
10.Nf3xd4 Nc6xd4
11.Nb5xd4 c6
12.e3 Be7f6
13.Qd1c2 Rf8e8
14.Rf1d1 Qd8e7
15.h3 Bc8d7
16.Bc1d2 Bf6xd4
17.exd4 Bd7e6
18.Qc2c5 Qe7d7
19.Kh2 Be6d5
20.Rd1e1 h5
21.b3 h4
22.Re1xe8 Ra8xe8
23.Ra1e1 Re8xe1
24.Bd2xe1 Qd7e8
25.Qc5c1 Bd5xg2
26.Kxg2 Qe8e4
27.f3 Qe4e2
28.Be1f2 Qe2xa2
29.Qc1g5 g6
30.gxh4 Qa2xb3
31.h5 Qb3e6
32.Bf2g3 Nb6d5
33.Bg3e5 Qe6e7
{ resign }
0-1

[Event "Tourn. n7967"]
[Site "www.chess-mail.com"]
[Date "2015.01.27"]
[Round "1"]
[White "Anja"]
[Black "Difficult"]
[WhiteElo "1980"]
[BlackElo "1880"]
[Result "0-1"]
[Round "1"]
1.d4 Ng8f6
2.Bc1f4 d6
3.c4 g6
4.Nb1c3 Bf8g7
5.e4 O-O
6.Qd1d2 c5
7.Ng1f3 cxd4
8.Nf3xd4 e5
9.Nd4b5 exf4
10.Nb5xd6 Nb8c6
11.Bf1e2 Qd8c7
12.Qd2xf4 Rf8d8
13.Nc3b5 Qc7a5
14.Kf1 a6
15.Nb5c3 Qa5e5
16.Qf4xe5 Nc6xe5
17.c5 Nf6e8
18.Ra1d1 Ne8xd6
19.cxd6 Bc8e6
20.f4 Ne5c4
21.Kf2 Nc4xb2
{ resign }
0-1

[Event "Tourn. n7870"]
[Site "www.chess-mail.com"]
[Date "2015.01.27"]
[Round "1"]
[White "Rons"]
[Black "Ingauno64"]
[WhiteElo "2550"]
[BlackElo "2510"]
[Result "0-1"]
[Round "1"]
1.e4 Nb8c6
2.Ng1f3 d6
3.d4 Ng8f6
4.Nb1c3 g6
5.Bf1e2 Bf8g7
6.O-O O-O
7.d5 Nc6b8
8.h3 Nb8d7
9.Nf3d4 Nd7c5
10.Be2f3 e5
11.Nd4b3 Nf6e8
12.Bc1e3 Nc5xb3
13.axb3 f5
14.Qd1e2 a6
15.Kh2 f4
16.Be3d2 Qd8h4
17.Kg1 h5
18.Qe2c4 g5
19.Bd2e1 g4
20.g3 Qh4f6
21.Bf3e2 f3
22.Be2d1 h4
23.Qc4d3 Qf6h6
24.hxg4 Bc8xg4
25.Be1d2 Qh6h5
26.Qd3e3 hxg3
27.fxg3 Rf8f6
28.Qe3d3 Bg7h6
29.Bd2e1 Ne8g7
30.Rf1f2 Ra8f8
31.Rf2h2 Bg4h3
32.Be1f2 Qh5g4
33.b4 Ng7h5
34.Nc3e2 fxe2
35.Bd1xe2 Qg4g5
36.b5 Rf6xf2
37.Rh2xf2 Nh5xg3
38.Rf2xf8 Kxf8
39.Qd3f3 Ng3f5
40.Kh2 Qg5h4
{ resign }
0-1

[Event "Tourn. n8034"]
[Site "www.chess-mail.com"]
[Date "2015.01.27"]
[Round "1"]
[White "Difficult"]
[Black "Guidom"]
[WhiteElo "2000"]
[BlackElo "2050"]
[Result "1/2-1/2"]
[Round "1"]
1.e4 e5
2.Ng1f3 Nb8c6
3.Nb1c3 d6
4.d4 exd4
5.Nf3xd4 Nc6e5
6.Bf1e2 Ng8f6
7.O-O Bf8e7
8.h3 O-O
9.Bc1e3 Bc8d7
10.f4 Ne5c6
11.Qd1d2 Qd8c8
12.Be2f3 Bd7xh3
13.gxh3 Qc8xh3
14.Qd2g2 Qh3h4
15.Qg2xg7 Kxg7
16.Nd4f5 Kh8
17.Nf5xh4 Nf6xe4
18.Bf3xe4 Be7xh4
19.Rf1f3 f5
20.Be4xc6 bxc6
21.Kh1 Ra8b8
22.Ra1g1 Rb8xb2
23.Nc3a4 Rb2xa2
24.Na4c3 { draw }
1/2-1/2

[Event "Tourn. n7903"]
[Site "www.chess-mail.com"]
[Date "2015.01.27"]
[Round "1"]
[White "Anja"]
[Black "Chiccogianca"]
[WhiteElo "1940"]
[BlackElo "1869"]
[Result "1-0"]
[Round "1"]
1.d4 b6
2.e4 Bc8b7
3.Bf1d3 g6
4.Ng1f3 Bf8g7
5.O-O e6
6.c4 d6
7.Nb1c3 Ng8e7
8.Bc1g5 Nb8d7
9.d5 e5
10.Qd1d2 O-O
11.Bg5h6 a6
12.Bh6xg7 Kxg7
13.Qd2g5 h6
14.Qg5g3 Qd8e8
15.Nf3h4 Bb7c8
16.f4 exf4
17.Rf1xf4 Nd7e5
18.Bd3c2 Ne5xc4
19.Ra1f1 Nc4e5
20.Nh4f3 Ne7g8
21.Nf3xe5 dxe5
22.Rf4h4 Bc8d7
23.Rh4h5 f6
24.Rh5f5 Bd7xf5
25.exf5 g5
26.h4 Ra8d8
27.hxg5 hxg5
28.Nc3e4 Qe8h5
29.Bc2b3 Qh5h4
30.Qg3d3 a5
31.d6 cxd6
32.Qd3d5 Qh4h5
33.Qd5b7 Kh8
34.Rf1f3 Ng8h6
35.Rf3h3 Qh5xh3
36.gxh3 Nh6xf5
37.Qb7xb6 Nf5d4
38.Bb3d5 Kg7
39.Qb6xa5 Kg6
40.b4 Rd8c8
41.Ne4xd6 Rc8c3
42.Bd5e4 Kh6
43.Nd6f5 Nd4xf5
44.Be4xf5 Kh5
45.b5 Rc3c4
46.Qa5d2 Rc4f4
47.Bf5g4 Rf4xg4
48.hxg4 Kxg4
49.b6 Rf8b8
50.Qd2d6 Rb8a8
51.Qd6xf6 e4
52.Qf6c6 Ra8a3
53.Qc6xe4 Kh5
54.b7 { resign }
1-0

[Event "Tourn. n7931"]
[Site "www.chess-mail.com"]
[Date "2015.01.27"]
[Round "1"]
[White "Manuel09"]
[Black "Blackpool"]
[WhiteElo "1950"]
[BlackElo "1870"]
[Result "1/2-1/2"]
[Round "1"]
1.e4 g6
2.d4 Bf8g7
3.Ng1f3 d6
4.Bf1c4 Ng8f6
5.Nb1c3 O-O
6.O-O Nf6xe4
7.Nc3xe4 d5
8.Bc4d3 dxe4
9.Bd3xe4 c6
10.c3 Nb8d7
11.Rf1e1 Nd7f6
12.Be4d3 Bc8g4
13.h3 Bg4xf3
14.Qd1xf3 Qd8d7
15.Bc1f4 Nf6d5
16.Bf4g3 e6
17.Ra1d1 Rf8e8
18.Bd3c2 Ra8d8
19.a3 Nd5b6
20.Bc2b3 Nb6d5
21.Bg3e5 Bg7xe5
22.Re1xe5 Qd7d6
23.Rd1e1 Qd6d7
24.Bb3a2 Qd7c7
25.Ba2xd5 cxd5
26.Re5e3 Qc7c6
27.Qf3f6 Qc6c7
28.h4 Qc7e7
29.Qf6f4 { draw }
1/2-1/2

[Event "Match"]
[Site "www.echecsemail.com"]
[Date "2015.01.27"]
[Round "1"]
[White "Georgepapi"]
[Black "Gilliere"]
[WhiteElo "1860"]
[BlackElo "1830"]
[Result "1-0"]
[Round "1"]
1.e4 e5
2.Ng1f3 d6
3.d4 exd4
4.Nf3xd4 Ng8f6
5.Nb1c3 Nb8d7
6.Bf1c4 h6
7.O-O Bf8e7
8.Nd4f5 Nd7b6
9.Nf5xe7 Qd8xe7
10.Bc1f4 Nb6xc4
11.Ra1b1 Bc8e6
12.Qd1d4 c5
13.Qd4d3 Ra8d8
14.b3 Nc4b6
15.Rb1d1 Nb6c8
16.Qd3b5 Kf8
17.Rf1e1 a6
18.Qb5d3 g5
19.Bf4g3 h5
20.e5 Nf6h7
21.exd6 Qe7d7
22.Nc3e4 Be6f5
23.Qd3c3 Rh8g8
24.Ne4xc5 Qd7c6
25.Qc3b4 Rd8d7
26.Nc5xd7 Qc6xd7
27.c4 h4
28.Bg3e5 f6
29.Be5b2 Kf7
30.h3 Rg8d8
31.c5 Bf5c2
32.Rd1d2 Bc2f5
33.Rd2e2 Nh7f8
34.Qb4c4 Bf5e6
35.Qc4d4 Nf8h7
36.Re2xe6 Qd7c6
37.Qd4c4 Kg6
38.Qc4d4 Rd8f8
39.d7 Nc8a7
40.d8Q Rf8xd8
41.Qd4xd8 Qc6xc5
42.Re6xf6 Nh7xf6
43.Qd8xf6 Kh5
44.Qf6h8 Kg6
45.Qh8g7 Kf5
46.Re1e5 Qc5xe5
47.Qg7xe5 Kg6
48.Qe5f6 Kh5
49.Qf6g7 Na7c6
50.Qg7h7 
1-0

[Event "Match"]
[Site "www.echecsemail.com"]
[Date "2015.01.27"]
[Round "1"]
[White "Generalfree"]
[Black "Karlgrocer"]
[WhiteElo "1750"]
[BlackElo "1950"]
[Result "0-1"]
[Round "1"]
1.e4 d6
2.Ng1f3 Ng8f6
3.Nb1c3 e6
4.d3 Bf8e7
5.h3 O-O
6.Bc1e3 Nb8d7
7.Bf1e2 e5
8.g4 a6
9.b3 b5
10.b4 Bc8b7
11.Ra1b1 d5
12.exd5 Nf6xd5
13.Nc3xd5 Bb7xd5
14.c4 Bd5c6
15.c5 Bc6d5
16.a3 c6
17.Qd1c2 Nd7f6
18.Rh1g1 e4
19.Nf3e5 Qd8c7
20.Be3f4 Qc7b7
21.g5 Nf6d7
22.dxe4 Bd5e6
23.Ne5xd7 Be6xd7
24.h4 a5
25.bxa5 Ra8xa5
26.Bf4c1 Qb7c7
27.f3 f5
28.gxf6 Be7xf6
29.Qc2a2 Kh8
30.Bc1b2 Qc7h2
31.Rg1f1 Qh2xh4
32.Kd1 Rf8d8
33.Kc1 Qh4f4
34.Kc2 Qf4e3
35.Kd1 Bd7e6
{ resign }
0-1

[Event "Match"]
[Site "www.echecsemail.com"]
[Date "2015.01.27"]
[Round "1"]
[White "Micheles"]
[Black "Vinvangogh"]
[WhiteElo "2530"]
[BlackElo "1269"]
[Result "1-0"]
[Round "1"]
1.d4 Ng8f6
2.Ng1f3 d5
3.Nb1d2 Nb8c6
4.e3 Bc8g4
5.h3 Bg4f5
6.Bf1b5 Nf6e4
7.c4 e6
8.Nf3e5 a6
{ time. }
1-0

[Event "Match"]
[Site "www.echecsemail.com"]
[Date "2015.01.27"]
[Round "1"]
[White "Muller42"]
[Black "Lundberg"]
[WhiteElo "1809"]
[BlackElo "1900"]
[Result "1/2-1/2"]
[Round "1"]
1.e4 d6
2.d4 Ng8f6
3.Nb1c3 g6
4.f4 Bf8g7
5.Ng1f3 c5
6.dxc5 Qd8a5
7.Bf1b5 Bc8d7
8.Qd1e2 Bd7xb5
9.Qe2xb5 Qa5xb5
10.Nc3xb5 Kd7
11.cxd6 exd6
12.e5 Nf6e8
13.O-O Nb8a6
14.Rf1d1 Bg7f8
15.b3 Na6c5
16.Bc1a3 b6
17.exd6 Ne8xd6
18.Nf3e5 Ke6
19.Nb5xd6 Bf8xd6
20.Rd1e1 Bd6xe5
21.Re1xe5 Kd6
22.Ra1d1 Kc6
23.b4 Nc5e6
24.b5 Kc7
25.Re5d5 Rh8d8
26.g3 Rd8xd5
27.Rd1xd5 Ra8d8
28.Rd5xd8 { draw }
1/2-1/2

[Event "Match"]
[Site "www.echecsemail.com"]
[Date "2015.01.27"]
[Round "1"]
[White "Carloswhizz"]
[Black "Pinehill"]
[WhiteElo "1750"]
[BlackElo "1680"]
[Result "0-1"]
[Round "1"]
1.e4 d5
2.d4 c6
3.Nb1c3 e6
4.Bf1e2 Bf8b4
5.Bc1d2 dxe4
6.Nc3xe4 Qd8xd4
7.c3 Qd4xe4
8.f3 Qe4g6
9.g3 Bb4c5
10.Ng1h3 e5
11.Qd1b3 Ng8f6
12.O-O-O O-O
13.f4 Bc8xh3
14.Rh1g1 Bc5xg1
15.Rd1xg1 Nb8d7
16.Qb3xb7 Bh3f5
17.Qb7b3 Ra8b8
18.Qb3d1 c5
19.g4 Bf5c2
20.Qd1xc2 Qg6xc2
21.Kxc2 e4
22.g5 Nf6d5
23.Be2c4 Nd7b6
24.Bc4b3 e3
25.Bb3xd5 exd2
26.Kxd2 Nb6xd5
27.f5 Rb8xb2
28.Kd3 Rb2xh2
29.f6 Rh2h3
30.Kc4 Nd5f4
31.a4 Nf4e2
32.Rg1e1 Ne2xc3
33.Kxc5 Nc3xa4
34.Kb5 Na4c3
35.Ka6 gxf6
36.gxf6 Rh3f3
37.Re1g1 Kh8
38.Kxa7 Rf3xf6
39.Rg1c1 Nc3e4
40.Rc1c7 Kg7
41.Rc7e7 Rf6e6
42.Re7d7 Rf8e8
43.Kb7 Ne4c5
{ resign }
0-1

[Event "Match"]
[Site "www.echecsemail.com"]
[Date "2015.01.27"]
[Round "1"]
[White "Harrytheking"]
[Black "Fangshuo"]
[WhiteElo "1750"]
[BlackElo "2120"]
[Result "0-1"]
[Round "1"]
1.c4 e5
2.e4 Ng8f6
3.Nb1c3 Bf8b4
4.a3 Bb4xc3
5.dxc3 Nb8c6
6.h3 Nf6xe4
7.Ng1f3 d6
8.Bc1e3 O-O
9.Bf1d3 f5
10.O-O Ne4f6
11.Nf3h2 f4
12.Be3c1 e4
13.Bd3e2 f3
14.gxf3 Bc8xh3
15.Rf1e1 Nc6e5
16.Bc1f4 Nf6h5
17.Bf4xe5 Qd8g5
18.Nh2g4 Qg5h4
19.Be5h2 Nh5f4
20.Bh2g3 Qh4g5
21.Bg3xf4 Rf8xf4
22.Kh2 Qg5h4
23.Qd1d5 Kh8
24.Kg1 Bh3xg4
25.fxe4 Rf4xf2
{ resign }
0-1

[Event "Match"]
[Site "www.echecsemail.com"]
[Date "2015.01.27"]
[Round "1"]
[White "Rindrandria"]
[Black "Ranjachess"]
[WhiteElo "1540"]
[BlackElo "1550"]
[Result "0-1"]
[Round "1"]
1.g4 d5
2.e3 a6
3.Bf1g2 d4
4.e4 e5
5.Ng1h3 Nb8c6
6.d3 Bf8b4
7.c3 dxc3
8.bxc3 Bb4c5
9.O-O Ng8f6
10.Qd1f3 Bc8xg4
11.Qf3g3 h6
12.Bc1e3 Qd8e7
13.Nb1d2 Nc6a5
14.d4 Bc5d6
15.dxe5 Bd6xe5
16.Be3f4 Bg4xh3
17.Bg2xh3 Nf6h5
18.Qg3d3 Nh5xf4
19.Qd3e3 Qe7g5
20.Kh1 Nf4xh3
21.Qe3xh3 Qg5xd2
22.Ra1d1 Qd2xa2
23.Rd1d7 Qa2e6
24.Qh3xe6 fxe6
25.Rd7d5 exd5
26.exd5 O-O-O
27.Rf1a1 Be5xc3
28.Ra1a3 Bc3b4
29.Ra3a4 c5
30.dxc6 Rd8d4
31.cxb7 Kxb7
32.Kg2 h5
33.Kf3 Rh8e8
{ resign }
0-1

[Event "Match"]
[Site "www.echecsemail.com"]
[Date "2015.01.27"]
[Round "1"]
[White "Louis"]
[Black "Generalfree"]
[WhiteElo "1910"]
[BlackElo "1800"]
[Result "0-1"]
[Round "1"]
1.a3 e5
2.c4 c6
3.e3 g6
4.Nb1c3 d6
5.d4 Bf8e7
6.Bf1e2 Ng8f6
7.Ng1f3 exd4
8.exd4 d5
9.cxd5 Nf6xd5
10.Bc1h6 Nd5xc3
11.bxc3 f6
12.O-O Bc8e6
13.Rf1e1 Qd8d6
14.Qd1d2 b5
15.a4 bxa4
16.Ra1xa4 Be6b3
17.Ra4b4 Bb3d5
18.Be2d3 Bd5xf3
19.gxf3 a5
20.Rb4b7 Nb8d7
21.Bh6f4 Qd6d5
22.Qd2e2 Qd5f7
23.Bd3c4 Qf7f8
24.Qe2e6 Ra8d8
{ resign }
0-1

[Event "Match"]
[Site "www.echecsemail.com"]
[Date "2015.01.27"]
[Round "1"]
[White "Pare123"]
[Black "Generalfree"]
[WhiteElo "1980"]
[BlackElo "1840"]
[Result "1-0"]
[Round "1"]
1.c4 c5
2.Nb1c3 e6
3.e4 Nb8c6
4.Ng1f3 f6
5.Bf1e2 d6
6.O-O g5
7.h3 Bc8d7
8.Nf3h2 Ng8e7
9.Be2h5 Ne7g6
10.f4 Qd8e7
11.f5 { resign }
1-0

[Event "Match"]
[Site "www.echecsemail.com"]
[Date "2015.01.27"]
[Round "1"]
[White "Caravale"]
[Black "Cardiff"]
[WhiteElo "2110"]
[BlackElo "1950"]
[Result "1-0"]
[Round "1"]
1.e4 e6
2.f4 d5
3.e5 c5
4.Ng1f3 Nb8c6
5.Bf1b5 Bc8d7
6.Bb5xc6 Bd7xc6
7.O-O d4
8.d3 Ng8e7
9.Qd1e1 Ne7d5
10.Qe1g3 g6
11.Nf3g5 Qd8d7
12.Bc1d2 Bf8g7
13.Ng5e4 b6
14.Ne4d6 Ke7
15.c4 Nd5b4
16.Bd2xb4 cxb4
17.Nb1d2 a5
18.Nd2b3 Rh8d8
19.Nb3xd4 Kf8
20.f5 exf5
21.Nd4xf5 gxf5
22.Nd6xf5 Bg7h8
23.Nf5h6 { resign }
1-0

[Event "Eq:chibcha-Helvetica B : "]
[Site "www.chess-mail.com"]
[Date "2015.01.27"]
[Round "1"]
[White "Irene"]
[Black "Paes19"]
[WhiteElo "1970"]
[BlackElo "2010"]
[Result "0-1"]
[Round "1"]
1.d4 d6
2.e4 e6
3.Ng1f3 Bf8e7
4.Bf1e2 c5
5.Nb1c3 Ng8f6
6.d5 b6
7.O-O O-O
8.Nf3g5 h6
9.Ng5f3 Bc8b7
10.Bc1f4 e5
11.Bf4e3 Nb8d7
12.Nf3h4 Nf6xe4
13.Nc3xe4 Be7xh4
14.Be2h5 Nd7f6
15.Qd1f3 Nf6xh5
16.Qf3xh5 Bb7xd5
17.Qh5g4 f5
18.Qg4g6 Bd5xe4
19.Be3xh6 Qd8f6
20.Qg6xf6 Rf8xf6
21.Bh6d2 Be4xc2
22.g3 Rf6g6
23.Kh1 Bh4f6
24.Ra1c1 Bc2e4
25.f3 Be4b7
26.Kg2 f4
27.g4 Rg6xg4
{ resign }
0-1

[Event "Fast Game"]
[Site "www.echecsemail.com"]
[Date "2015.01.27"]
[Round "1"]
[White "Forest"]
[Black "Generalfree"]
[WhiteElo "1490"]
[BlackElo "1600"]
[Result "0-1"]
[Round "1"]
1.d4 e6
2.e4 d5
3.exd5 exd5
4.Bf1d3 g6
5.Ng1f3 Nb8c6
6.O-O Bf8g7
7.Rf1e1 Ng8e7
8.c3 a6
9.Bc1f4 Bc8e6
10.Nf3g5 Qd8d7
11.Ng5xe6 fxe6
12.Qd1e2 Nc6d8
13.Bf4e5 Bg7xe5
14.Qe2xe5 Rh8f8
15.Nb1d2 Nd8c6
16.Qe5g3 Ne7f5
 { time }
0-1

[Event "Tourn. n7949"]
[Site "www.chess-mail.com"]
[Date "2015.01.28"]
[Round "1"]
[White "Pgcbies"]
[Black "Manolinex"]
[WhiteElo "2800"]
[BlackElo "2700"]
[Result "1/2-1/2"]
[Round "1"]
1.e4 e5
2.Ng1f3 Nb8c6
3.Bf1c4 Ng8f6
4.d3 Bf8e7
5.O-O O-O
6.Rf1e1 d6
7.c3 Nc6a5
8.Bc4b5 a6
9.Bb5a4 c5
10.d4 b5
11.Ba4c2 cxd4
12.cxd4 Bc8g4
13.d5 Ra8c8
14.Nb1d2 Nf6d7
15.h3 Bg4h5
16.Bc2b1 Na5c4
17.a4 Qd8a5
18.Bb1d3 Nd7c5
19.Nd2xc4 bxc4
20.Bd3xc4 { draw }
1/2-1/2

[Event "Tourn. n8032"]
[Site "www.chess-mail.com"]
[Date "2015.01.28"]
[Round "1"]
[White "Difficult"]
[Black "Francesco"]
[WhiteElo "2020"]
[BlackElo "2100"]
[Result "1/2-1/2"]
[Round "1"]
1.e4 c6
2.d4 d5
3.exd5 cxd5
4.Bf1d3 Ng8f6
5.Ng1f3 Bc8g4
6.c3 e6
7.O-O Bf8d6
8.h3 Bg4h5
9.Bd3b5 Nb8d7
10.Bc1g5 Bd6e7
11.g4 Bh5g6
12.Nf3e5 a6
13.Bg5xf6 { draw }
1/2-1/2

[Event "Tourn. n8049"]
[Site "www.chess-mail.com"]
[Date "2015.01.28"]
[Round "1"]
[White "Krasin"]
[Black "Foxy100"]
[WhiteElo "2270"]
[BlackElo "2200"]
[Result "1-0"]
[Round "1"]
1.e4 c5
2.c3 d5
3.exd5 Qd8xd5
4.d4 Ng8f6
5.Ng1f3 e6
6.Bf1e2 Bf8e7
7.O-O O-O
8.c4 Qd5d8
9.dxc5 Be7xc5
10.Nb1c3 Qd8e7
11.Bc1g5 h6
12.Bg5h4 g5
13.Nf3xg5 { resign }
1-0

[Event "Tourn. n8005"]
[Site "www.chess-mail.com"]
[Date "2015.01.28"]
[Round "1"]
[White "Osopanda"]
[Black "Blackpool"]
[WhiteElo "2060"]
[BlackElo "1870"]
[Result "1/2-1/2"]
[Round "1"]
1.c4 f5
2.Nb1c3 Ng8f6
3.g3 e5
4.e4 fxe4
5.Bf1g2 Bf8c5
6.Nc3xe4 Nf6xe4
7.Bg2xe4 O-O
8.Ng1f3 d6
9.O-O Nb8c6
10.d3 Nc6d4
11.Nf3xd4 Bc5xd4
12.Bc1e3 Bd4xb2
13.Ra1b1 Bb2d4
14.Be3xd4 exd4
15.Qd1h5 g6
16.Be4xg6 hxg6
17.Qh5xg6 Kh8
18.Qg6h6 { draw }
1/2-1/2

[Event "Tourn. n7995"]
[Site "www.chess-mail.com"]
[Date "2015.01.28"]
[Round "1"]
[White "Emmanuelasi"]
[Black "Cardiff"]
[WhiteElo "2150"]
[BlackElo "2060"]
[Result "1-0"]
[Round "1"]
1.e4 e6
2.d4 d5
3.Nb1d2 dxe4
4.Nd2xe4 Nb8d7
5.Bf1c4 Ng8f6
6.Ne4g5 Qd8e7
7.Qd1e2 Nd7b6
8.Bc4b3 Bc8d7
9.Ng1f3 h6
10.Ng5h3 O-O-O
11.O-O Bd7c6
12.Nf3e5 Bc6e4
13.f3 Be4d5
14.c4 Bd5c6
15.Ne5xc6 bxc6
16.c5 Nb6d5
17.Qe2a6 Kb8
18.Bb3a4 Nd5b4
19.Qa6c4 Qe7d7
20.Qc4xb4 { resign }
1-0

[Event "Tourn. n8020"]
[Site "www.chess-mail.com"]
[Date "2015.01.28"]
[Round "1"]
[White "Krasin"]
[Black "Averoes"]
[WhiteElo "2200"]
[BlackElo "2180"]
[Result "1-0"]
[Round "1"]
1.e4 e6
2.d4 d5
3.Nb1c3 Bf8b4
4.e5 c5
5.a3 Bb4xc3
6.bxc3 Qd8c7
7.Ng1f3 Ng8e7
8.dxc5 Qc7xc5
9.Bf1d3 Qc5xc3
10.Bc1d2 Qc3c7
11.Bd2b4 Nb8c6
12.Bb4d6 Qc7a5
13.Kf1 Ne7f5
14.Bd3xf5 exf5
15.h4 Bc8e6
16.h5 h6
17.Rh1h4 Ra8c8
18.Kg1 Qa5c3
19.Ra1b1 Nc6a5
20.Bd6b4 Qc3c7
21.Nf3d4 Na5c4
22.Nd4b5 Qc7b8
23.Rh4xc4 Rc8xc4
24.Nb5d6 Kf8
25.Nd6xc4 Kg8
26.Bb4d6 Qb8c8
27.Nc4e3 b6
28.Qd1d3 Qc8d8
29.Ne3xf5 Be6xf5
30.Qd3xf5 Qd8h4
31.e6 { resign }
1-0

[Event "Tourn. n7896"]
[Site "www.chess-mail.com"]
[Date "2015.01.28"]
[Round "1"]
[White "Sontuozio"]
[Black "Xkafi"]
[WhiteElo "2270"]
[BlackElo "2070"]
[Result "1-0"]
[Round "1"]
1.d4 Ng8f6
2.Ng1f3 Nb8c6
3.e3 a6
4.Bf1d3 e6
5.Nb1d2 d5
6.c3 Bf8d6
7.O-O h6
8.e4 Bd6f4
9.Rf1e1 Nf6g4
10.Nd2f1 Bf4g5
11.exd5 Nc6e7
12.dxe6 Bc8xe6
13.h3 Ng4f6
14.Nf1g3 Qd8d7
15.Nf3e5 Qd7c8
16.Qd1e2 O-O
17.Ng3e4 Ne7g6
18.Bc1xg5 hxg5
19.Ne4xf6 gxf6
20.Ne5xg6 Rf8e8
21.Qe2h5 Kg7
22.Ng6f4 Kf8
23.Nf4xe6 Re8xe6
24.Qh5h8 Ke7
25.Re1xe6 fxe6
26.Qh8g7 Kd6
27.Qg7xf6 Qc8g8
28.Ra1e1 b5
29.d5 Ra8e8
30.Qf6e5 Kd7
31.dxe6 Re8xe6
32.Bd3f5 { resign }
1-0

[Event "Tourn. n7933"]
[Site "www.chess-mail.com"]
[Date "2015.01.28"]
[Round "1"]
[White "Xkafi"]
[Black "Cardiff"]
[WhiteElo "2000"]
[BlackElo "2130"]
[Result "1-0"]
[Round "1"]
1.e4 c6
2.Bf1c4 g6
3.Qd1f3 e6
4.d4 Bf8g7
5.e5 d5
6.Bc4b3 Ng8e7
7.g4 Nb8d7
8.Bc1d2 c5
9.Bb3a4 O-O
10.c3 cxd4
11.cxd4 Nd7b6
12.Ba4b3 Ne7c6
13.Bd2c3 a5
14.a4 Bc8d7
15.Nb1a3 Nc6b4
16.Na3b5 Bd7xb5
17.axb5 Qd8e7
18.h4 Rf8c8
19.Ng1e2 Nb6c4
20.Ne2c1 b6
21.Nc1d3 Nb4xd3
22.Qf3xd3 h6
23.f4 Rc8c7
24.f5 exf5
25.gxf5 gxf5
26.Qd3xf5 Qe7e6
27.Qf5f4 Ra8e8
28.Rh1g1 Kh8
29.O-O-O Nc4a3
30.Qf4g3 Re8g8
31.Rd1d3 Na3c4
32.Qg3g2 Rc7c8
33.Rd3g3 a4
34.Rg3xg7 { resign }
1-0

[Event "Tourn. n7993"]
[Site "www.chess-mail.com"]
[Date "2015.01.28"]
[Round "1"]
[White "Cardiff"]
[Black "Emmanuelasi"]
[WhiteElo "2050"]
[BlackElo "2150"]
[Result "0-1"]
[Round "1"]
1.d4 Nb8c6
2.d5 Nc6e5
3.Bc1f4 Ne5g6
4.Bf4g3 e5
5.e4 Bf8c5
6.Ng1f3 d6
7.Bf1e2 Ng8f6
8.O-O Nf6xe4
9.Nb1d2 Ne4xd2
10.Qd1xd2 O-O
11.a3 f5
12.h3 f4
13.Bg3h2 e4
14.Nf3d4 f3
15.gxf3 Bc5xd4
16.Qd2xd4 exf3
17.Be2d3 Bc8xh3
18.Rf1e1 Qd8g5
19.Bh2g3 Ng6f4
{ resign }
0-1

[Event "Tourn. n7968"]
[Site "www.chess-mail.com"]
[Date "2015.01.28"]
[Round "1"]
[White "Louis"]
[Black "Caspito"]
[WhiteElo "1880"]
[BlackElo "1850"]
[Result "1-0"]
[Round "1"]
1.d4 g6
2.c4 Ng8f6
3.Nb1c3 Bf8g7
4.e4 d6
5.Ng1f3 Bc8g4
6.Bf1e2 Bg4xf3
7.Be2xf3 c6
8.O-O O-O
9.Bc1e3 e6
10.Bf3e2 a6
11.e5 dxe5
12.dxe5 Nf6d7
13.f4 c5
14.Nc3e4 b6
15.Be2f3 Ra8a7
16.Qd1c2 Qd8c7
17.Ra1d1 Nb8c6
18.Qc2e2 Nc6a5
19.b3 Ra7b7
20.Rd1d6 Rb7a7
21.Rf1d1 Rf8d8
22.Qe2d2 Qc7c8
23.Be3f2 Bg7f8
24.Ne4f6 Kh8
25.Rd6xd7 Ra7xd7
26.Nf6xd7 Bf8e7
27.Nd7xb6 Rd8xd2
28.Nb6xc8 { resign }
1-0

[Event "Tourn. n8000"]
[Site "www.chess-mail.com"]
[Date "2015.01.28"]
[Round "1"]
[White "Luban"]
[Black "Osopanda"]
[WhiteElo "2130"]
[BlackElo "2020"]
[Result "1-0"]
[Round "1"]
1.d4 Ng8f6
2.c4 g6
3.e3 Bf8g7
4.Ng1f3 d6
5.h3 O-O
6.Bf1d3 c6
7.O-O Qd8c7
8.Nb1c3 e5
9.d5 Rf8e8
10.Qd1c2 cxd5
11.cxd5 a6
12.e4 b5
13.a3 Nb8d7
14.b4 Nd7b6
15.Bc1b2 Bc8d7
16.Ra1c1 Nb6c4
17.Bd3xc4 Qc7xc4
18.Nf3d2 Qc4c8
19.Qc2d3 Nf6h5
20.Qd3e3 Nh5f4
21.Nc3xb5 Qc8b8
22.Nb5c7 Re8c8
23.Nc7xa8 Qb8xa8
24.Nd2c4 Qa8b8
25.Rc1c2 Bd7a4
26.Rc2c3 Ba4b5
27.Rf1c1 Rc8f8
28.Qe3f3 f5
29.Rc3c2 fxe4
30.Qf3xe4 Bb5d7
31.Nc4e3 Qb8b5
32.Rc1d1 Nf4e2
33.Kh2 Rf8xf2
34.Qe4h4 Rf2f8
35.Rc2c7 Ne2f4
36.Qh4e7 Nf4xd5
37.Rd1xd5 Bg7f6
38.Qe7xd7 Qb5xd7
39.Rc7xd7 { resign }
1-0

[Event "Tourn. n7937"]
[Site "www.chess-mail.com"]
[Date "2015.01.28"]
[Round "1"]
[White "Gatrooper"]
[Black "Cl3537"]
[WhiteElo "1300"]
[BlackElo "1350"]
[Result "1-0"]
[Round "1"]
1.e4 e5
2.a3 Ng8f6
3.Nb1c3 Nb8c6
4.Ng1f3 Bf8c5
5.d3 O-O
6.Bc1e3 d6
7.Be3xc5 dxc5
8.h3 h6
9.Bf1e2 g5
10.g4 b6
11.h4 gxh4
12.Rh1xh4 a5
13.Rh4xh6 Nc6d4
14.Nf3xd4 exd4
15.Nc3d5 Nf6xd5
16.exd5 Rf8e8
17.Qd1d2 f5
18.O-O-O fxg4
19.Rd1h1 Ra8a6
20.Rh6h8 Kf7
21.Rh1h7 Kf6
22.Qd2f4 Bc8f5
23.Qf4h6 Ke5
24.f4 Kxd5
25.c4 { resign }
1-0

[Event "Tourn. n7969"]
[Site "www.chess-mail.com"]
[Date "2015.01.28"]
[Round "1"]
[White "Vite"]
[Black "Averoes"]
[WhiteElo "2000"]
[BlackElo "2210"]
[Result "0-1"]
[Round "1"]
1.e4 c5
2.c3 d5
3.exd5 Qd8xd5
4.d4 cxd4
5.Qd1xd4 Qd5xd4
6.cxd4 Ng8f6
7.Bc1g5 Nf6e4
8.Bg5f4 Nb8c6
9.d5 Nc6b4
10.Nb1a3 Nb4xd5
11.Bf1b5 Bc8d7
12.f3 Ne4d6
13.Bf4xd6 exd6
14.Bb5xd7 Kxd7
15.Ra1d1 Nd5f4
16.g3 Nf4e6
17.Ng1e2 Ra8c8
18.Kf2 a6
19.Rd1c1 Rc8c6
20.Rh1d1 Bf8e7
21.Rc1xc6 bxc6
22.Na3c4 d5
23.Nc4e5 Kc7
24.Ne5xf7 Rh8f8
25.Nf7e5 Be7d6
26.Ne5d3 c5
27.Rd1c1 g5
28.Ne2c3 Kc6
29.Nc3e2 a5
30.b3 h6
31.b4 c4
32.bxa5 Rf8a8
33.Ke3 Ra8xa5
34.Rc1c2 Bd6c5
35.Nd3xc5 Kxc5
36.f4 d4
{ resign }
0-1

[Event "Tourn. n7998"]
[Site "www.chess-mail.com"]
[Date "2015.01.28"]
[Round "1"]
[White "Drdoom"]
[Black "Generalfree"]
[WhiteElo "1740"]
[BlackElo "1850"]
[Result "1/2-1/2"]
[Round "1"]
1.e4 e5
2.c4 Bf8c5
3.a3 Ng8f6
4.Nb1c3 c6
5.Ng1f3 d6
6.h3 a6
7.b4 Bc5a7
8.Bc1b2 b5
9.d4 exd4
10.Nf3xd4 Qd8e7
11.f3 c5
12.Nd4c2 Bc8e6
13.Nc3d5 Nf6xd5
14.cxd5 Be6d7
15.Bb2xg7 Rh8g8
16.Bg7c3 c4
17.Qd1d2 Bd7c8
18.O-O-O Ba7b6
19.Nc2d4 Bc8d7
20.Rd1e1 f6
21.g4 Bb6xd4
22.Bc3xd4 Rg8f8
{ draw }
1/2-1/2

[Event "Tourn. n7980"]
[Site "www.chess-mail.com"]
[Date "2015.01.28"]
[Round "1"]
[White "Falcoale"]
[Black "Osopanda"]
[WhiteElo "1860"]
[BlackElo "1980"]
[Result "1-0"]
[Round "1"]
1.e4 c5
2.Ng1f3 d6
3.d4 cxd4
4.Nf3xd4 Ng8f6
5.Bf1d3 a6
6.O-O Nb8c6
7.Nd4b3 b5
8.Bc1g5 e6
9.Nb1d2 Bf8e7
10.f4 h6
11.Bg5h4 O-O
12.Nd2f3 Qd8c7
13.Bh4g3 Nf6h5
14.Qd1e1 Nh5xg3
15.Qe1xg3 Be7f6
16.c3 b4
17.Nb3d4 Nc6xd4
18.cxd4 Qc7b6
19.Kh1 e5
20.dxe5 dxe5
21.fxe5 Bf6g5
22.Nf3xg5 hxg5
23.Qg3xg5 Qb6g6
24.Qg5e7 Bc8e6
25.Ra1e1 a5
26.Re1e3 Ra8e8
27.Qe7h4 f6
28.Re3g3 Qg6h7
29.Qh4xh7 Kxh7
30.exf6 gxf6
31.e5 f5
32.Rf1f4 { resign }
1-0